000 00408nam a2200145Ia 4500
008 090124s9999 xx 000 0 und d
082 _b303796
245 _a मोहर मैत्रीचा
250 _a1
260 _bपाठक यशवंत
_c1999
300 _a149
630 _a मोहर मैत्रीचा
730 _a मोहर मैत्रीचा
942 _cBOOK
999 _c193433
_d193433